Normal view
MARC view
Entry Personal Name
001 - CONTROL NUMBER
- control field: 50882
003 - CONTROL NUMBER IDENTIFIER
- control field: ARRUPE
005 - DATE AND TIME OF LATEST TRANSACTION
- control field: 20211102104056.0
008 - FIXED-LENGTH DATA ELEMENTS
- fixed length control field: 211102|| aca||aabn | a|a d
040 ## - CATALOGING SOURCE
- Original cataloging agency: ARRUPE
- Transcribing agency: ARRUPE
100 ## - HEADING--PERSONAL NAME
- Personal name: Newman, James R.
- Fuller form of name: (James Roy),
- Dates associated with a name: 1907-1966
670 ## - SOURCE DATA FOUND
- Source citation: Work cat.: (ARRUPE)0: Nagel, Ernest, 1901-1985. 19450, Gödel's proof /, c2001.